000 00799cam a22002891 4500
001 sa 67004825
003 DLC
005 20260227112351.0
008 890418s1965 ii h b 000 0 urdr
010 _asa 67004825
035 _a(OCoLC)19567477
040 _aDLC
_cWaU
_dDLC
042 _apremarc
043 _aa-iq---
050 0 0 _aBP80.H8
_bK35 1965
100 1 _aKāshifī, Ḥusayn Vāʻiẓ,
_d-1504 or 1505.
245 1 0 _aKarbal kathā.
260 _c[1965]
300 _a348 p.
_bfacsims.
_c23 cm.
500 _aIn Urdu.
504 _aBibliography: p. 333.
600 0 0 _aḤusayn ibn ʻAlī,
_d-680.
651 0 _aKarbalāʼ (Iraq)
_xHistory.
700 0 _aMālik Rām,
_d1908-1993.
700 0 _aMukhtār al-Dīn, Aḥmad.
700 1 _aFaz̤lī, Faz̤l ʻAlī,
_dactive 1733.
999 _c74789
_d74789